000 00648nam a2200205Ia 4500
003 OSt
005 20230418163151.0
008 210423s2010 xx 000 0 und d
040 _cAL
041 _aeng
082 _a362.7
_223
_bSHEP
100 _aSHEKHAR (Ramleela);MADHAVA (B M)
_990223
245 _aPsychosocial skills required in teachers to deal with problems in children
260 _aMangaluru
_bSchool of Social Work
_c2010
300 _a82
_bPB
365 _b200
_cINR
650 _aSocial Welfare Problems & Services
_990224
906 _achildren ; deal ; problems ; Psychosocial ; required ; skills ; teachers
942 _2ddc
_cBK
999 _c170091
_d170091